| 000 | 00756nam a22002537a 4500 | ||
|---|---|---|---|
| 005 | 20170124110006.0 | ||
| 010 | _aA-609564 | ||
| 020 |
_c00.00 _a8122405061 |
||
| 035 | _aA-609564 | ||
| 037 | _bCen Lib/Ret | ||
| 040 |
_aDPL _bEN |
||
| 082 |
_a230.31 _bBHA |
||
| 100 |
_aBharathi, Swami Paramanada _916850 |
||
| 245 |
_aGod rebirth and the vedas / _cby Swami Paramanada Bharthi;translated by B.G. Sreelakshmi |
||
| 246 | _b | ||
| 260 |
_bNew Delhi _aWiley eastern _c1993 |
||
| 270 | _bNew Delhi | ||
| 300 |
_aix,133p. _c21cm(Hb) |
||
| 500 | _aIncludes bibliographical references | ||
| 650 |
_aHunduism _972722 |
||
| 650 |
_aHunduism -- Vedas _971817 |
||
| 700 |
_aSreelakshmi, B.G _971818 |
||
| 942 |
_2ddc _cEN _h230.31 _mBHA |
||
| 999 |
_c126183 _d126183 |
||